000 00418nam a2200169Ia 4500
008 131103s9999 xx 000 0 und d
040 _aLoreto College
041 _aEnglish
082 _aREF
_bLCBED/3198
100 _aEnnion, E.A.R.
245 4 _aThe animal world
_cE.A.R. Ennion
260 _aLondon
_bRaphael Tuck
_c[19?]
300 _a30p
_b pic.
_c 25cm.
650 _aREF
850 _aLCBED/REF
942 _cBK
999 _c34088
_d84567